000 00909nas a2200325 4500
001 BR0807089
003 BR-BrBNA
005 20231205112210.0
007 ta
008 230509b bl.|||p| |||| 00| 00por d
040 _aBR-BrBNA
_bpor
_cBiblioteca Nacional de Agricultura
041 _a(Pt)
072 _aL02
100 1 _aFraga, A.L.
100 1 _aThomaz, M.C.
100 1 _aKronka, R.N.
100 1 _aBudiño, F.E.L.
100 1 _aHuaynate, R.A.R.
100 1 _aMalheiros, E.B.
245 1 _aRestrição alimentar qualitativa para suínos com elevado peso de abate
650 _aSUÍNO
650 _aFIBRA
650 _aCARCAÇA
650 _aRAÇÃO
650 _aPESO
650 _aRENDIMENTO
773 0 _tRevista Brasileira de Zootecnia (Brazil)
_xISSN 1516-3598
_g(May 2008), v. 37(5) p. 869-875
_wBR0807089
909 _a202311
_bLúcia
_c55
_dLúcia Elande
942 _2AGRIS
_n0
_cANA
999 _c196677
_d196677